Miasto, w którym to się wydarzyło #3 - Statystyki

Ogólne statystyki
  • Ten quiz został rozwiązany 22 razy
  • Średni wynik to 7 z 20
Statystyki odpowiedzi
Rok Wydarzenie Miasto % Poprawnych
2019 Pierwszy znany wybuch epidemii Covid-19 Wuhan
100%
1896 Pierwsze nowożytne igrzyska olimpijskie Ateny
86%
1497 Vasco da Gama wyrusza w podróż do Indii Lizbona
73%
1870 Radykałowie zakładają „komunę”, która rządzi miastem przez dwa miesiące Paryż
59%
1940 Brytyjscy żołnierze ewakuują Francję na pokładzie flotylli małych statków Dunkierka
55%
c. 30 Jezus zostaje ukrzyżowany przez Rzymian Jerozolima
55%
1919 Niemcy podpisują traktat oficjalnie kończący I wojnę światową i wypłacający wysokie reparacje wojenne mocarstwom alianckim Wersal
50%
1618 Trzech katolików wyrzuconych przez okno Praga
45%
30 BC Kleopatra popełnia samobójstwo, prawdopodobnie przez ukąszenie węża Aleksandria
41%
1942–1944 Anna Frank i jej rodzina ukrywają się przed nazistami w ukrytym mieszkaniu Amsterdam
36%
1757 Casanova ucieka z celi więziennej w pałacu dożów Wenecja
36%
1945 100 000 osób zginęło w najkrwawszym nalocie lotniczym w historii Tokio
27%
1942 Enrico Fermi i inni naukowcy budują pierwszy na świecie reaktor jądrowy Chicago
18%
1996 Tupac Shakur zostaje postrzelony i zabity po uczestnictwie w meczu bokserskim Las Vegas
18%
1492 Ostatni muzułmański władca w Hiszpanii poddaje się Ferdynandowi i Izabeli Grenada
14%
1942 80 000 żołnierzy brytyjskich poddaje się Japończykom, co Churchill nazywa „najgorszą katastrofą” w historii brytyjskiej armii Singapur
14%
1998 Podpisano „Porozumienie wielkopiątkowe” Belfast
9%
1905 Pracując jako egzaminator patentowy, Albert Einstein publikuje swoją Szczególną teorię względności Berno
5%
632 Śmierć Mahometa Medina
5%
1664 Newton zaczyna wynajdywać to, co dziś nazywamy rachunkiem różniczkowym i całkowym Cambridge
0%
Nie znaleziono quizów pasujących do podanych kryteriów
Rozkład punktacji
Procent ludzi z każdym wynikiem
Percentyl według liczby udzielonych odpowiedzi
Twoja historia wyników
Nie rozwiązałeś tego quizu